LEADER 00834cam0-22003131i-450- 001 990006041260403321 005 19980601 010 $a88-02-04071-0 035 $a000604126 035 $aFED01000604126 035 $a(Aleph)000604126FED01 035 $a000604126 100 $a19980601d1987----km-y0itay50------ba 101 0 $aita 102 $aIT 105 $ay-------001yy 200 1 $a<>Impresa$fDomenico Iannelli 210 $aTorino$cUtet$dc1987 215 $aXI, 497 p.$d24 cm 225 1 $aGiurisprudenza sistematica di diritto civile e commerciale 676 $a346.07$v20$zita 700 1$aIannelli,$bDomenico$069717 801 0$aIT$bUNINA$gRICA$2UNIMARC 901 $aBK 912 $a990006041260403321 952 $aVIII Z 246 (58)$b2458$fFGBC 959 $aFGBC 996 $aImpresa$9208497 997 $aUNINA LEADER 00926nam0-22003251i-450 001 990003281950403321 005 20230322154511.0 035 $a000328195 035 $aFED01000328195 035 $a(Aleph)000328195FED01 035 $a000328195 100 $a20000920d1877----km-y0itay50------ba 101 0 $aita 102 $aIT 105 $ay-------001yy 200 1 $a<>Russia$fdescritta e illustrata da Dixon, Biancardi, Moynet, Vereschauguine e Henriet e dal professor Angelo DeGubernatis 210 $aMilano$cTreves$d1877 215 $a423 p. 610 0 $aRussia$aDescrizioni e Viaggi 676 $a914.7 702 1$aDegubernatis,$bAngelo 702 $aDixon,$bWilliam Hepworth$f<1821-1879> 801 0$aIT$bUNINA$gRICA$2UNIMARC 901 $aBK 912 $a990003281950403321 952 $a003.030.DEG$b22047$fDECGE 959 $aDECGE 996 $aRussia$9168897 997 $aUNINA DB $aING01